000 00558nam a2200193 i 4500
001 63324
003 ES-MaACL
005 20231114062532.0
007 t|
008 031209s1957 sp ||||1| spa d
100 1 _aFerraté, Joan.
_950334
245 1 0 _aTeoría del poema
_b: (ensayos) /
_cJuan Ferraté.
260 _aBarcelona :
_bSeix Barral,
_c1957.
300 _a134 p. ;
_c18 cm.
490 1 _aBiblioteca breve ;
_v115
830 0 _aBiblioteca breve (Seix Barral)
_v115
_9227188
852 _aES-MaACL
_jC-14518
_bR.41051
999 _c63324
_d63324